| 000 | 01267nam0a2200349 i 4500 | ||
|---|---|---|---|
| 001 | RU\NLR\BIBL_A\010768502 | ||
| 005 | 20260406145529.0 | ||
| 010 | _a9785389096677 | ||
| 021 |
_aRU _b2015-28369 _91673 |
||
| 035 | _a(NILC)RuMoRGB-007911075 | ||
| 035 | _a(NLR Aleph) 010768502 | ||
| 090 |
_a10011128 _c10011128 |
||
| 100 | _a20150527d2015 u y0rusy50 ca | ||
| 101 | 0 | _arus | |
| 102 | _aRU | ||
| 105 | _aa|||z|||001yb | ||
| 200 | 1 |
_aФрэнсис Скотт Фицджеральд _f[авт.-сост.: Алан Кубатиев] |
|
| 210 |
_aМосква _cКоЛибри _d2015 |
||
| 215 |
_a94 с. _cпортр. _d17 |
||
| 225 | 1 | _aИстория за час | |
| 320 | _aБиблиогр.: с. 93-94 | ||
| 333 | _a16+ | ||
| 600 | 1 |
_aФицджеральд _bФ.С. _f1896 - 1940 _gФрэнсис Скотт _91076329 _3RU\NLR\AUTH\66101307 |
|
| 686 | 1 | _aШ5(7США)6-4Фицджеральд | |
| 702 | 1 |
_4570 _8rus _7ca _aФицджеральд _bФ. С. _f1896-1940 _gФрэнсис Скотт _3RU\NLR\AUTH\774722 _9114699 |
|
| 702 | 1 |
_aКубатиев _bА. _gАлан _4220 |
|
| 801 | 0 |
_aRU _bРГБ _c20150414 _gRCR |
|
| 942 | _cBOOK | ||
| 980 | _aNBR | ||